000 00466pab a2200181 454500
008 180718b2013 xxu||||| |||| 00| 0 eng d
100 _aKumari, Sabita
245 _aProgress and performance of "Kisan credit card" for rural development
260 _c2013
300 _ap.25-29.
362 _aDec
650 _aRural development
650 _aAgricultural credit
700 _aMahto, Lalan Kumar
773 _aKurukshetra
908 _aN
909 _a103226
999 _c103222
_d103222